[Event "Titled Tuesday intern op 3rd May"]
[Site "Chess.com INT"]
[Date "2016.05.03"]
[Round "9"]
[White "Yavorovsky, Valeriy"]
[Black "Oberholzer, Francois"]
[Result "1-0"]
[WhiteElo "2307"]
[BlackElo "2061"]
[PlyCount "69"]
[EventDate "2016.05.03"]
[EventType "swiss (blitz)"]
[EventRounds "9"]
[EventCountry "USA"]
[SourceTitle "EXT 2021"]
[Source "ChessBase"]
[SourceDate "2020.10.23"]
[SourceVersion "1"]
[SourceVersionDate "2020.10.23"]
[SourceQuality "1"]

1. d4 Nf6 2. Nf3 c5 3. d5 e6 4. c4 exd5 5. cxd5 d6 6. Nc3 g6 7. Nd2 Bg7 8. e4 0-0 9. Be2 a6 10. a4 Nbd7 11. 0-0 Rb8 12. Ra3 Re8 13. f4 h6 14. Kh1 Qe7 15. Qc2 Nb6 16. Bf3 Bg4 17. a5 Nbd7 18. Nc4 Bxf3 19. gxf3 b5 20. axb6 Nxb6 21. Na5 Qd7 22. Nc6 Ra8 23. Qg2 Nc4 24. Ra2 Qb7 25. f5 g5 26. h4 Nh7 27. hxg5 hxg5 28. Bxg5 Nxg5 29. Qxg5 f6 30. Qh5 Qb3 31. Rf2 Nxb2 32. Raxb2 Qxc3 33. Rb7 Qe3 34. Qf7+ Kh8 35. Qxg7# 1-0

[Event "EU-ch rapid"]
[Site "Warsaw"]
[Date "2013.12.15"]
[Round "11"]
[White "Yavorovsky, Valeriy"]
[Black "Duda, Jan Krzysztof"]
[Result "1/2-1/2"]
[WhiteElo "2249"]
[BlackElo "2557"]
[PlyCount "236"]
[EventDate "2013.12.14"]
[EventType "swiss (rapid)"]
[EventRounds "11"]
[EventCountry "POL"]
[SourceTitle "CBM 157 Extra"]
[Source "ChessBase"]
[SourceDate "2013.12.19"]
[SourceVersion "1"]
[SourceVersionDate "2013.12.19"]
[SourceQuality "1"]

1. d4 Nf6 2. Nf3 e6 3. c4 b6 4. e3 Bb7 5. Bd3 Bb4+ 6. Nbd2 0-0 7. 0-0 c5 8. a3 Bxd2 9. Bxd2 d6 10. Bc3 Nbd7 11. Re1 Ne4 12. Rc1 Qe7 13. Nd2 Nxc3 14. Rxc3 f5 15. Bf1 Nf6 16. Rc1 Kh8 17. Nb1 e5 18. Nc3 Bc6 19. Qc2 Rae8 20. Qd2 g5 21. b4 g4 22. Rcd1 Rd8 23. Qc2 Ne4 24. Nxe4 Bxe4 25. Qc3 Bc6 26. Qc2 Qf6 27. dxc5 dxc5 28. bxc5 bxc5 29. Rxd8 Rxd8 30. Rd1 Be4 31. Rxd8+ Qxd8 32. Qc3 Qd6 33. Be2 Kg8 34. f3 gxf3 35. gxf3 Bb7 36. Qd3 Qxd3 37. Bxd3 f4 38. Kf2 Kg7 39. e4 Kf6 40. Bf1 Bc8 41. Ke1 Kg5 42. Kf2 Bd7 43. Be2 Ba4 44. Ke1 Kh4 45. Kf2 Kh3 46. Kg1 Bc2 47. Bf1+ Kh4 48. Be2 Bb3 49. Kf2 Ba4 50. Kg1 Bd7 51. Kf2 Be6 52. Kg1 Kg5 53. Kf2 Kf6 54. Ke1 Ke7 55. Kd2 Kd6 56. Kc3 Kc6 57. Kb3 Kb6 58. Kc3 Bh3 59. Kb3 Ka5 60. Kb2 Bg2 61. Ka2 Bh3 62. Kb2 Bd7 63. Ka2 Ba4 64. Kb2 Kb6 65. Kc3 Kc7 66. Kd2 Kd6 67. Ke1 Bb3 68. Kd2 Ke7 69. Ke1 Kf6 70. Kf2 Ba2 71. Ke1 Kg5 72. Kf2 Kh4 73. Kg1 Kh5 74. Kf2 Kg5 75. Ke1 Kg6 76. Kf2 Kg7 77. Ke1 Kf6 78. Kd2 Bb3 79. Ke1 Kf7 80. Kd2 Kf6 81. Ke1 h6 82. Kd2 Kg5 83. Ke1 Ba2 84. Kf2 Kg6 85. Ke1 Kf6 86. Kd2 Bb3 87. Ke1 Kg6 88. Kf2 Kg5 89. Ke1 Ba2 90. Kf2 Bb3 91. Ke1 Kh4 92. Kf2 Bc2 93. Kg1 Ba4 94. Kf2 Bd7 95. Kg1 Bh3 96. Kf2 Kh5 97. Kg1 Kh4 98. Kf2 Kg5 99. Ke1 Kf6 100. Kf2 Ke7 101. Ke1 Kd6 102. Kd2 Kc6 103. Kc3 Kb6 104. Kb3 Ka5 105. Kb2 Bg2 106. Ka2 Bh3 107. Kb2 Bd7 108. Ka2 Ba4 109. Kb2 Kb6 110. Kc3 Ka6 111. Kb2 Ka5 112. Kc3 Bd7 113. Kb2 Kb6 114. Kc3 h5 115. Kb2 h4 116. Kc3 h3 117. Kb2 a5 118. Kc3 a4 1/2-1/2

[Event "EU-ch rapid"]
[Site "Warsaw"]
[Date "2013.12.15"]
[Round "9"]
[White "Yavorovsky, Valeriy"]
[Black "Stupak, Kirill"]
[Result "0-1"]
[WhiteElo "2249"]
[BlackElo "2505"]
[PlyCount "110"]
[EventDate "2013.12.14"]
[EventType "swiss (rapid)"]
[EventRounds "11"]
[EventCountry "POL"]
[SourceTitle "CBM 157 Extra"]
[Source "ChessBase"]
[SourceDate "2013.12.19"]
[SourceVersion "1"]
[SourceVersionDate "2013.12.19"]
[SourceQuality "1"]

1. d4 e6 2. Nf3 Nf6 3. c4 c5 4. e3 cxd4 5. exd4 Be7 6. Nc3 0-0 7. Bd3 d6 8. 0-0 b6 9. Re1 Bb7 10. b3 Nbd7 11. Bb2 Rc8 12. Rc1 Re8 13. a3 Qc7 14. b4 Qb8 15. d5 e5 16. Bf1 Bf8 17. a4 a5 18. bxa5 bxa5 19. Nb5 Nc5 20. Bc3 Qa8 21. Rb1 Nfd7 22. Qd2 Nxa4 23. Bxa5 Qb8 24. Qb4 Nac5 25. Nd2 Be7 26. Nb3 Nxb3 27. Qxb3 Nc5 28. Qg3 Bd8 29. Bd2 Ba6 30. Nd4 Qc7 31. Nc6 Bf6 32. f4 e4 33. Bc3 Bxc3 34. Qxc3 Ra8 35. Kh1 Bc8 36. Nd4 Bd7 37. Qg3 Qd8 38. Nb3 Na4 39. Qe3 Qf6 40. g3 Rab8 41. Qa7 Qe7 42. Qd4 e3 43. Bg2 Bf5 44. Ra1 Rxb3 45. Rxa4 e2 46. Ra7 Rb1 47. Ra1 Rxa1 48. Qxa1 Qe3 49. Qa5 h5 50. Qb4 h4 51. gxh4 Qxf4 52. Qa5 Qxc4 53. Qd2 Bg4 54. h3 Bh5 55. Kh2 Qxh4 0-1

[Event "Yuzhny op"]
[Site "Yuzhny"]
[Date "2011.09.07"]
[Round "8"]
[White "Yavorovsky, Valeriy"]
[Black "Zhak, Boris Mikhailovich"]
[Result "1-0"]
[WhiteElo "2263"]
[BlackElo "1924"]
[PlyCount "63"]
[EventDate "2011.09.03"]
[EventType "swiss"]
[EventRounds "9"]
[EventCountry "UKR"]
[SourceTitle "CBM 144 Extra"]
[Source "ChessBase"]
[SourceDate "2011.10.28"]
[SourceVersion "1"]
[SourceVersionDate "2011.10.28"]
[SourceQuality "1"]

1. d4 d5 2. Nf3 Nf6 3. c4 c6 4. Nc3 e6 5. e3 Be7 6. Bd3 0-0 7. 0-0 Nbd7 8. b3 dxc4 9. bxc4 c5 10. Qe2 cxd4 11. exd4 b6 12. Rd1 Bb7 13. Ne5 Qc8 14. Bg5 Re8 15. f4 h6 16. Bh4 Nd5 17. cxd5 Bxh4 18. Ne4 Nxe5 19. fxe5 Be7 20. d6 Bd8 21. Rac1 Qb8 22. Qg4 Kh8 23. Rf1 Rf8 24. Qh5 Kg8 25. h4 Bd5 26. Ng5 Qb7 27. Rxf7 Rxf7 28. Qg6 Kf8 29. Qh7 Ke8 30. Bb5+ Bc6 31. Qg8+ Rf8 32. Qxe6+ 1-0

[Event "Yuzhny op"]
[Site "Yuzhny"]
[Date "2011.09.05"]
[Round "4"]
[White "Yavorovsky, Valeriy"]
[Black "Rakhmangulov, Andrei"]
[Result "0-1"]
[WhiteElo "2263"]
[BlackElo "2400"]
[PlyCount "46"]
[EventDate "2011.09.03"]
[EventType "swiss"]
[EventRounds "9"]
[EventCountry "UKR"]
[SourceTitle "CBM 144 Extra"]
[Source "ChessBase"]
[SourceDate "2011.10.28"]
[SourceVersion "1"]
[SourceVersionDate "2011.10.28"]
[SourceQuality "1"]

1. c4 e5 2. Nc3 Nf6 3. g3 d5 4. cxd5 Nxd5 5. Bg2 Nb6 6. Nf3 Nc6 7. 0-0 Be7 8. d3 0-0 9. Be3 Bg4 10. Rc1 Re8 11. Ne4 Nd4 12. Bxd4 exd4 13. Qc2 c6 14. Rfe1 Bb4 15. Ned2 Qd6 16. a3 Bxf3 17. Bxf3 Bxd2 18. Qxd2 Re5 19. Rc2 g6 20. Rec1 Rae8 21. Qf4 R8e6 22. Kg2 Kg7 23. Rc5 g5 0-1

[Event "Yuzhny op"]
[Site "Yuzhny"]
[Date "2011.09.04"]
[Round "2"]
[White "Yavorovsky, Valeriy"]
[Black "Afanasjev, Anatoly"]
[Result "1/2-1/2"]
[WhiteElo "2263"]
[BlackElo "2045"]
[PlyCount "63"]
[EventDate "2011.09.03"]
[EventType "swiss"]
[EventRounds "9"]
[EventCountry "UKR"]
[SourceTitle "CBM 144 Extra"]
[Source "ChessBase"]
[SourceDate "2011.10.28"]
[SourceVersion "1"]
[SourceVersionDate "2011.10.28"]
[SourceQuality "1"]

1. d4 d5 2. c4 e6 3. Nc3 Nf6 4. Nf3 Be7 5. Bf4 c6 6. e3 0-0 7. h3 Nbd7 8. c5 b6 9. b4 a5 10. a3 Re8 11. Bd3 Bb7 12. 0-0 Nh5 13. Bh2 g6 14. Qc2 Bf6 15. e4 e5 16. exd5 cxd5 17. dxe5 Nxe5 18. Nxe5 Bxe5 19. Bxe5 Rxe5 20. f4 Re3 21. Nb5 axb4 22. c6 Bxc6 23. Qxc6 Rxd3 24. axb4 Rxa1 25. Rxa1 Qf6 26. Qxf6 Nxf6 27. Ra8+ Kg7 28. Nd6 Ne4 29. Ne8+ Kf8 30. Nd6+ Kg7 31. Ne8+ Kf8 32. Nd6+ 1/2-1/2

[Event "Yuzhny op"]
[Site "Yuzhny"]
[Date "2011.09.03"]
[Round "1"]
[White "Dobrovolskiy, Konstantin"]
[Black "Yavorovsky, Valeriy"]
[Result "0-1"]
[WhiteElo "1892"]
[BlackElo "2263"]
[PlyCount "100"]
[EventDate "2011.09.03"]
[EventType "swiss"]
[EventRounds "9"]
[EventCountry "UKR"]
[SourceTitle "CBM 144 Extra"]
[Source "ChessBase"]
[SourceDate "2011.10.28"]
[SourceVersion "1"]
[SourceVersionDate "2011.10.28"]
[SourceQuality "1"]

1. d4 e6 2. Nf3 d5 3. c4 Nf6 4. g3 Bb4+ 5. Bd2 Be7 6. Bg2 0-0 7. 0-0 c6 8. Qc2 b6 9. cxd5 cxd5 10. Ne5 Ba6 11. Bf4 Nfd7 12. Nd3 Qc8 13. Rc1 Qxc2 14. Rxc2 Bxd3 15. exd3 Na6 16. Nd2 Bf6 17. Nf3 Rfc8 18. Rxc8+ Rxc8 19. a3 Rc2 20. Rc1 Rxc1+ 21. Bxc1 Nab8 22. Bg5 Bxg5 23. Nxg5 Nc6 24. Nf3 Nf6 25. Kf1 Ne8 26. Ke2 f6 27. Ke3 Nd6 28. g4 Kf7 29. Bf1 g5 30. Be2 h5 31. h3 h4 32. Ne1 f5 33. f4 gxf4+ 34. Kxf4 Nxd4 35. Bd1 fxg4 36. Kxg4 N6f5 37. Ng2 Kf6 38. Ba4 b5 39. Bd1 e5 40. a4 b4 41. Kh5 e4 42. dxe4 dxe4 43. Bg4 Ke5 44. Bxf5 Nxf5 45. Kg4 b3 46. Ne1 Ne3+ 47. Kxh4 Nc4 48. Kg5 Nxb2 49. h4 Nd3 50. h5 b2 0-1